Schnelle Mathematik - Potenzrechnen Level 04 - Statistiken

Allgemein
  • Dieses Quiz wurde 165 mal gespielt
  • Das Durchschnittsergebnis liegt bei 17 aus 20
Antwortstatistiken
Zahl Ergebnis % Korrekt
10² 100
100%
25
100%
27
100%
6
100%
64
100%
7
100%
81
100%
9
100%
10³ 1000
96%
16
96%
8
96%
10¹ 10
95%
2⁴ 16
95%
49
95%
36
92%
125
91%
2⁹ 512
85%
2⁶ 64
85%
2⁵ 32
83%
3⁴ 81
83%
5⁴ 625
80%
2⁸ 256
78%
2⁷ 128
76%
64
76%
3⁵ 243
68%
3⁶ 729
67%
4⁴ 256
65%
343
65%
729
59%
216
58%
512
55%
Keine übereinstimmenden Quizze gefunden
Verteilung der Resultate
Anzahl Personen mit jedem Resultat
Perzentil nach korrekt beantworteten Fragen
Ihre Resultats-Entwicklung
Sie haben dieses Quiz noch nicht gespielt